Biología 1 /
Guardado en:
| Autor Principal: | |
|---|---|
| Otros Autores: | , |
| Formato: | Libro |
| Publicado: |
Buenos Aires :
Estrada,
1999
|
| Series: | Libros con libros
|
| Materias: | |
| Etiquetas: |
Agregar Etiqueta
Sin Etiquetas, Sea el primero en etiquetar este registro!
|
| LEADER | 02024nam a22003375a 4500 | ||
|---|---|---|---|
| 001 | CEM.cems016438 | ||
| 005 | 20121031171307.0 | ||
| 008 | 130507s1999##################000#0#####d | ||
| 003 | CEMS | ||
| 020 | |a 9500107597 | ||
| 082 | 0 | 4 | |a 574 |
| 100 | 1 | |a Bocalandro, Noemí | |
| 245 | 1 | 0 | |a Biología 1 / |c Noemí Bocalandro, Débora Frid y Laura Socolovsy |
| 260 | |a Buenos Aires : |b Estrada, |c 1999 | ||
| 300 | |a 351 p. | ||
| 490 | 0 | |a Libros con libros | |
| 500 | |a Para nivel polimodal | ||
| 505 | 0 | |a La célula, unidad estructural y funcional -- Los seres vivos -- Composición química de los seres vivos -- Las células -- Metabolismo celular -- División celular -- El organismo humano como sistema complejo y abierto -- Cómo funciona el organismo humano -- La salud -- La nutrición en el organismo humano -- La digestión -- Requerimientos nutricionales y dieta -- La circulación -- La respiración -- Excreción y equilibrio hídrico -- El sistema endocrino -- El sistema nervioso -- Las defensas del organismo -- El uso de drogas y el cuidado de la salud -- Reproducción, crecimiento y desarrollo -- Genética y herencia -- Variabilidad, selección y evolución -- La biología como emprendimiento humano | |
| 653 | |a Biología | ||
| 653 | |a Biología-polimodal | ||
| 700 | 1 | |a Frid, Débora | |
| 700 | 1 | |a Socolovsky, Laura | |
| 859 | |a CEMS |b BIB. CEMS - Agricultura |h 574 |i B630 |p A0012.00 |t Ej.1 |v 1 |3 1 | ||
| 859 | |a CEMS |b BIB. CEMS - Agricultura |h 574 |i B630 |p A0066.00 |t Ej.2 |v 1 |3 1 | ||
| 859 | |a CEMS |b BIB. CEMS - Agricultura |h 574 |i B630 |p A0325.01 |t Ej.3 |v 1 |3 1 | ||
| 859 | |a CEMS |b BIB. CEMS - Agricultura |h 574 |i B630 |p A1642.12 |t Ej.4 |v 1 |3 1 | ||
| 859 | |a CEMS |b BIB. CEMS - Agricultura |h 574 |i B630 |p A1643.12 |t Ej.5 |v 1 |3 1 | ||
| 859 | |a CEMS |b BIB. CEMS - Agricultura |h 574 |i B630 |p A1644.12 |t Ej.6 |v 1 |3 1 | ||
| 859 | |a CEMS |b BIB. CEMS - Agricultura |h 574 |i B630 |p A1645.12 |t Ej.7 |v 1 |3 1 | ||
| 859 | |a CEMS |b BIB. CEMS - Agricultura |h 574 |i B630 |p A1646.12 |t Ej.8 |v 1 |3 1 | ||
| 859 | |a CEMS |b BIB. CEMS - Agricultura |h 574 |i B630 |p A3033.18 |t Ej.9 |v 1 |3 1 | ||
